00682nam a2200169 a 450000100060000000300090000600800410001502000160005604000280007208200160010010000350011624500310015126000400018230000110022250502570023365000220049016888CO-ViMGA141112s2004 ck r 000 u spa d a84460042440 aCO-ViMGAbspacCO-ViMGA04a780.9 S134g1 aSadie, Stanley; Latham, Alison10aGuía Akal de la música aMadríd (España), cAkal, c2000 a557.p. aLos elementos de la música Los instrumentos musicales Las estructuras de la música La edad Media El Renacimiento La epoca Barroca La epoca clásica La epoca Romántica El cambio de siglo Los tiempos modernos Las tradiciones de la música popular14aMUSICA - HISTORIA